[Event "Titled Tuesday intern op 30th Apr Early"]
[Site "Chess.com INT"]
[Date "2024.04.30"]
[Round "2"]
[White "Dixit, Nikhil"]
[Black "Butti, Enrique"]
[Result "1-0"]
[WhiteElo "2334"]
[BlackElo "1989"]
[PlyCount "49"]
[EventDate "2024.04.30"]
[EventType "swiss (blitz)"]
[EventRounds "11"]
[EventCountry "USA"]
[SourceTitle "CB19_2024"]
[SourceDate "2024.05.08"]
[SourceVersion "1"]
[SourceVersionDate "2024.05.08"]
[SourceQuality "1"]

1. e4 c5 2. Nf3 d6 3. d4 cxd4 4. Nxd4 Nf6 5. Nc3 g6 6. Be3 Bg7 7. f3 0-0 8. Bc4 Nc6 9. Qd2 Bd7 10. 0-0-0 Rc8 11. Bb3 Ne5 12. h4 h5 13. Bg5 Rc5 14. Kb1 b5 15. g4 hxg4 16. h5 Nxh5 17. Nd5 Re8 18. f4 Nc4 19. Bxc4 Rxc4 20. c3 a5 21. f5 b4 22. Rxh5 bxc3 23. bxc3 Qb8+ 24. Ka1 gxh5 25. f6 1-0

[Event "Titled Tuesday intern op 30th Apr Early"]
[Site "Chess.com INT"]
[Date "2024.04.30"]
[Round "4"]
[White "Dixit, Nikhil"]
[Black "Panda, Vedic"]
[Result "0-1"]
[WhiteElo "2334"]
[BlackElo "2100"]
[PlyCount "56"]
[EventDate "2024.04.30"]
[EventType "swiss (blitz)"]
[EventRounds "11"]
[EventCountry "USA"]
[SourceTitle "CB19_2024"]
[SourceDate "2024.05.08"]
[SourceVersion "1"]
[SourceVersionDate "2024.05.08"]
[SourceQuality "1"]

1. e4 c6 2. d4 d5 3. e5 Bf5 4. c4 e6 5. h4 h5 6. cxd5 cxd5 7. Bd3 Ne7 8. Nc3 Bxd3 9. Qxd3 Nf5 10. Nge2 Be7 11. g3 Nc6 12. 0-0 g5 13. hxg5 Bxg5 14. Bxg5 Qxg5 15. Nb5 0-0-0 16. Rac1 Kb8 17. Qb3 Rc8 18. Nd6 Nxd6 19. exd6 Qd8 20. Qa3 h4 21. Rc3 Qd7 22. Rfc1 Rcg8 23. Rf3 e5 24. dxe5 Nxe5 25. Re3 hxg3 26. Nxg3 Qh3 27. Rc8+ Kxc8 28. Rc3+ Kb8 0-1

[Event "Titled Tuesday intern op 30th Apr Early"]
[Site "Chess.com INT"]
[Date "2024.04.30"]
[Round "1"]
[White "Kostiukov, Alexandr"]
[Black "Dixit, Nikhil"]
[Result "0-1"]
[WhiteElo "2271"]
[BlackElo "2334"]
[PlyCount "40"]
[EventDate "2024.04.30"]
[EventType "swiss (blitz)"]
[EventRounds "11"]
[EventCountry "USA"]
[SourceTitle "CB19_2024"]
[SourceDate "2024.05.08"]
[SourceVersion "1"]
[SourceVersionDate "2024.05.08"]
[SourceQuality "1"]

1. g3 Nf6 2. Bg2 g6 3. c4 Bg7 4. Nf3 0-0 5. 0-0 d6 6. d4 c6 7. Nc3 Bf5 8. Nh4 Be6 9. d5 Bd7 10. e4 cxd5 11. cxd5 Qa5 12. Qb3 Na6 13. Bd2 Nc5 14. Qd1 Rfc8 15. Qe2 b5 16. Nd1 b4 17. Re1 Bb5 18. Qf3 Nd3 19. Re3 Ne5 20. Qf4 Nh5 0-1

[Event "Titled Tuesday intern op 02nd Apr Early"]
[Site "Chess.com INT"]
[Date "2024.04.02"]
[Round "4"]
[White "Dixit, Nikhil"]
[Black "Yanchenko, Roman"]
[Result "0-1"]
[WhiteElo "2334"]
[BlackElo "2466"]
[PlyCount "78"]
[EventDate "2024.04.02"]
[EventType "swiss (blitz)"]
[EventRounds "11"]
[EventCountry "USA"]
[SourceTitle "CB15_2024"]
[SourceDate "2024.04.10"]
[SourceVersion "1"]
[SourceVersionDate "2024.04.10"]
[SourceQuality "1"]

1. e4 e6 2. d4 d5 3. e5 c5 4. c3 Qb6 5. Nf3 Bd7 6. Be2 Bb5 7. dxc5 Bxc5 8. b4 Bxe2 9. Qxe2 Bf8 10. 0-0 Nc6 11. a3 Nge7 12. c4 Nd4 13. Nxd4 Qxd4 14. Ra2 Qxc4 15. Qxc4 dxc4 16. Nd2 Rc8 17. Ne4 Nd5 18. Rc2 b5 19. Be3 a6 20. Bc5 f5 21. Nd6+ Bxd6 22. exd6 Kd7 23. Re1 Rhe8 24. g3 a5 25. Kg2 axb4 26. axb4 Ra8 27. Ree2 g5 28. Re1 g4 29. f3 h5 30. f4 h4 31. Rce2 h3+ 32. Kf2 Ra3 33. Rc2 Nc3 34. Re5 Ne4+ 35. Ke2 Rea8 36. Bd4 Ra2 37. Rxa2 Rxa2+ 38. Ke3 Nxg3 39. Rxb5 Nf1# 0-1

[Event "Qatar Masters op"]
[Site "Doha"]
[Date "2023.10.20"]
[Round "9"]
[White "Dixit, Nikhil"]
[Black "Bharath, Subramaniyam H"]
[Result "1/2-1/2"]
[WhiteElo "2327"]
[BlackElo "2500"]
[PlyCount "38"]
[EventDate "2023.10.11"]
[EventType "swiss"]
[EventRounds "9"]
[EventCountry "QAT"]
[SourceTitle "Mega2024 Update 01"]
[Source "Chessbase"]
[SourceDate "2023.11.12"]
[SourceVersion "1"]
[SourceVersionDate "2023.11.12"]
[SourceQuality "1"]

1. e4 c5 2. Nf3 d6 3. d4 cxd4 4. Nxd4 Nf6 5. Nc3 a6 6. Bc4 e6 7. Be3 Qc7 8. Bb3 b5 9. Qf3 Be7 10. g4 b4 11. Nce2 Nfd7 12. Qxf7+ Kxf7 13. Nxe6 Qa5 14. Nc7+ Kf8 15. Ne6+ Kf7 16. Nc7+ Kf8 17. Ne6+ Kf7 18. Nc7+ Kf8 19. Ne6+ Kf7 1/2-1/2

[Event "Qatar Masters op"]
[Site "Doha"]
[Date "2023.10.19"]
[Round "8"]
[White "Lalith, Babu MR"]
[Black "Dixit, Nikhil"]
[Result "1/2-1/2"]
[WhiteElo "2547"]
[BlackElo "2327"]
[PlyCount "76"]
[EventDate "2023.10.11"]
[EventType "swiss"]
[EventRounds "9"]
[EventCountry "QAT"]
[SourceTitle "Mega2024 Update 01"]
[Source "Chessbase"]
[SourceDate "2023.11.12"]
[SourceVersion "1"]
[SourceVersionDate "2023.11.12"]
[SourceQuality "1"]

1. d4 Nf6 2. c4 g6 3. Nc3 Bg7 4. e4 d6 5. h3 0-0 6. Be3 Nbd7 7. g4 a6 8. g5 Ne8 9. h4 c5 10. d5 b5 11. f4 Nb6 12. cxb5 axb5 13. Bxb5 e6 14. dxe6 Bxe6 15. Qf3 d5 16. Bxc5 dxe4 17. Qe3 Nd5 18. Nxd5 Qxd5 19. Bxf8 Bxf8 20. Bxe8 Bb4+ 21. Kf1 Bc5 22. Qc3 Rxe8 23. Rc1 e3 24. Rh2 Qe4 25. Ne2 Bb4 26. Qd4 Qf3+ 27. Kg1 Bd2 28. Rf1 Qg4+ 29. Rg2 Qxh4 30. Ng3 Bf5 31. Nxf5 gxf5 32. Qd3 Be1 33. Qe2 Bg3 34. Qf3 Bf2+ 35. Rgxf2 exf2+ 36. Rxf2 Rc8 37. Kg2 Rc1 38. Rf1 Rc2+ 1/2-1/2

[Event "Qatar Masters op"]
[Site "Doha"]
[Date "2023.10.13"]
[Round "3"]
[White "Dixit, Nikhil"]
[Black "Banh, Gia Huy"]
[Result "1/2-1/2"]
[WhiteElo "2327"]
[BlackElo "2397"]
[PlyCount "104"]
[EventDate "2023.10.11"]
[EventType "swiss"]
[EventRounds "9"]
[EventCountry "QAT"]
[SourceTitle "Mega2024 Update 01"]
[Source "Chessbase"]
[SourceDate "2023.11.12"]
[SourceVersion "1"]
[SourceVersionDate "2023.11.12"]
[SourceQuality "1"]

1. e4 e5 2. Nf3 Nc6 3. Bb5 Nf6 4. d3 d6 5. c3 a6 6. Ba4 g6 7. d4 Bd7 8. Bc2 Bg7 9. 0-0 0-0 10. Nbd2 Nh5 11. dxe5 dxe5 12. Nc4 Be6 13. Ne3 Nf4 14. Qxd8 Raxd8 15. Ng5 Bc8 16. g3 Ne2+ 17. Kg2 Bh6 18. Nf3 Nxc1 19. Raxc1 Bxe3 20. fxe3 Be6 21. b3 f6 22. Rf2 Kg7 23. Rd1 b6 24. Rxd8 Rxd8 25. Rd2 Kf7 26. Rxd8 Nxd8 27. Nd2 Nb7 28. c4 Ke7 29. Kf2 Bg4 30. Nb1 a5 31. Nc3 Be6 32. h4 Kd6 33. Nb5+ Kd7 34. Nc3 c6 35. Ke2 Kc7 36. Kd2 Nd6 37. Bd3 g5 38. Ke1 Nf7 39. Be2 Nh8 40. Kd2 gxh4 41. gxh4 Ng6 42. h5 Nh8 43. Nd1 Nf7 44. Nf2 Nd6 45. Kd3 b5 46. cxb5 cxb5 47. Bg4 Bf7 48. h6 Bg6 49. Be6 Kd8 50. a4 Ke7 51. Bd5 b4 52. Nd1 f5 1/2-1/2

[Event "Titled Tuesday intern op 12th Sep Early"]
[Site "Chess.com INT"]
[Date "2023.09.12"]
[Round "4"]
[White "Kovalev, Vladislav"]
[Black "Dixit, Nikhil"]
[Result "1-0"]
[WhiteElo "2582"]
[BlackElo "2327"]
[PlyCount "45"]
[EventDate "2023.09.12"]
[EventType "swiss (blitz)"]
[EventRounds "11"]
[EventCountry "USA"]
[SourceTitle "EXT 2024"]
[Source "ChessBase"]
[SourceDate "2023.10.10"]
[SourceVersion "1"]
[SourceVersionDate "2023.10.10"]
[SourceQuality "1"]

1. e4 Nc6 2. d4 d6 3. Nf3 Nf6 4. Nc3 g6 5. h3 Bg7 6. Be3 a6 7. a4 0-0 8. Be2 b6 9. 0-0 e6 10. Re1 Ne7 11. Qd2 Bb7 12. Bd3 c5 13. Rad1 d5 14. e5 Ne4 15. Bxe4 dxe4 16. Ng5 Nf5 17. dxc5 Nxe3 18. Qxe3 Qc7 19. cxb6 Qxe5 20. Ngxe4 Rad8 21. Nc5 Qxe3 22. fxe3 Bc6 23. a5 1-0

[Event "Titled Tuesday intern op 05th Sep Early"]
[Site "Chess.com INT"]
[Date "2023.09.05"]
[Round "3"]
[White "Dixit, Nikhil"]
[Black "Gharibyan, Mamikon"]
[Result "0-1"]
[WhiteElo "2327"]
[BlackElo "2495"]
[PlyCount "88"]
[EventDate "2023.09.05"]
[EventType "swiss (blitz)"]
[EventRounds "11"]
[EventCountry "USA"]
[SourceTitle "EXT 2024"]
[Source "ChessBase"]
[SourceDate "2023.10.10"]
[SourceVersion "1"]
[SourceVersionDate "2023.10.10"]
[SourceQuality "1"]

1. e4 e5 2. Nf3 Nc6 3. Nc3 Nf6 4. d4 exd4 5. Nxd4 Bb4 6. Nxc6 bxc6 7. Bd3 d5 8. exd5 0-0 9. 0-0 cxd5 10. Bg5 c6 11. Qf3 Rb8 12. Ne2 Bd6 13. Nd4 Bd7 14. Nf5 Bc7 15. Rae1 Be6 16. h4 Rxb2 17. h5 Bxf5 18. Qxf5 Qc8 19. Qxc8 Rxc8 20. h6 Bd6 21. Re3 Ng4 22. Rh3 Nxh6 23. Bxh6 gxh6 24. Rxh6 Bc5 25. Rxh7 Re8 26. g3 Rxa2 27. Kg2 Ra4 28. Rfh1 Re6 29. Rh8+ Kg7 30. R8h7+ Kf6 31. R1h6+ Ke7 32. Rh5 Bd6 33. Rh8 Ra1 34. Ra8 Rf6 35. f4 Re6 36. Rhh8 Bc5 37. Rhe8+ Kf6 38. Rh8 Rg1+ 39. Kf3 Re3+ 40. Kf2 Re8+ 41. Kf3 Re3+ 42. Kf2 Rexg3+ 43. Ke2 R3g2+ 44. Kf3 Rf2# 0-1

[Event "Titled Tuesday intern op 05th Sep Early"]
[Site "Chess.com INT"]
[Date "2023.09.05"]
[Round "6"]
[White "Dixit, Nikhil"]
[Black "Schlecht, Daniel"]
[Result "1-0"]
[WhiteElo "2327"]
[BlackElo "2370"]
[PlyCount "99"]
[EventDate "2023.09.05"]
[EventType "swiss (blitz)"]
[EventRounds "11"]
[EventCountry "USA"]
[SourceTitle "EXT 2024"]
[Source "ChessBase"]
[SourceDate "2023.10.10"]
[SourceVersion "1"]
[SourceVersionDate "2023.10.10"]
[SourceQuality "1"]

1. a4 d5 2. h4 c6 3. b3 Bf5 4. Bb2 Nd7 5. h5 e5 6. e3 a5 7. Be2 h6 8. Nf3 Bd6 9. Nh4 Bh7 10. g4 Ne7 11. d3 Qc7 12. Nd2 0-0-0 13. Ndf3 f6 14. Kd2 Kb8 15. Kc1 Bb4 16. Kb1 Ka8 17. Ka2 Rb8 18. c3 Bd6 19. d4 e4 20. Nd2 c5 21. c4 Rhc8 22. Ng6 Nxg6 23. hxg6 Bg8 24. cxd5 Bxd5 25. Bc4 Qc6 26. Qe2 Nb6 27. Bb5 Qc7 28. Nc4 Nxc4 29. bxc4 Be6 30. d5 Bd7 31. Bc3 Bxb5 32. axb5 b6 33. Qc2 Re8 34. Rh5 Kb7 35. Rah1 Ra8 36. Rf5 Be5 37. Rhh5 Bxc3 38. Qxc3 a4 39. Ka3 Qd6 40. Rf4 Re7 41. Qc2 Rae8 42. Rhf5 Ra8 43. Qd1 Re5 44. Qh1 Rxf5 45. Rxf5 Qe7 46. Qa1 Qd6 47. Rf4 Re8 48. Qc3 Re7 49. Qc2 Qe5 50. Qb2 1-0

[Event "Titled Tuesday intern op 05th Sep Early"]
[Site "Chess.com INT"]
[Date "2023.09.05"]
[Round "5"]
[White "Kleiman, Jake"]
[Black "Dixit, Nikhil"]
[Result "1-0"]
[WhiteElo "2399"]
[BlackElo "2327"]
[PlyCount "105"]
[EventDate "2023.09.05"]
[EventType "swiss (blitz)"]
[EventRounds "11"]
[EventCountry "USA"]
[SourceTitle "EXT 2024"]
[Source "ChessBase"]
[SourceDate "2023.10.10"]
[SourceVersion "1"]
[SourceVersionDate "2023.10.10"]
[SourceQuality "1"]

1. e4 c5 2. c3 a6 3. Nf3 b6 4. d4 d6 5. Bc4 e6 6. 0-0 Nf6 7. Qe2 Be7 8. e5 dxe5 9. dxe5 Nd5 10. Qe4 Bb7 11. Qg4 Kf8 12. Qh5 Nd7 13. Re1 Qe8 14. a4 f5 15. Qh3 Qg6 16. Na3 h5 17. Qg3 Qg4 18. Ng5 Rh6 19. f3 Qxg3 20. hxg3 Rg6 21. f4 Ke8 22. Bd2 Nf8 23. Kh2 Bxg5 24. fxg5 Nh7 25. Be2 Rxg5 26. Bxg5 Nxg5 27. Bxh5+ Ke7 28. Kg1 Ne4 29. Bf3 Nxg3 30. c4 Nf4 31. Bxb7 Rh8 32. Kf2 Ngh5 33. Rad1 g5 34. Bc6 Kf7 35. Rd7+ Kg6 36. g3 Nh3+ 37. Kg2 g4 38. Re7 f4 39. Be4+ Kg5 40. Rxe6 Nxg3 41. Rg6+ Kh4 42. e6 Nxe4 43. Rxe4 f3+ 44. Kh2 f2 45. Rgxg4+ Kh5 46. Rgf4 Nxf4 47. Rxf4 Kg5+ 48. Kg3 Re8 49. Rxf2 Rxe6 50. Rd2 Re3+ 51. Kf2 Re4 52. Kf3 Re1 53. Rd5+ 1-0

[Event "Abu Dhabi op 29th"]
[Site "Abu Dhabi"]
[Date "2023.08.18"]
[Round "3"]
[White "Dixit, Nikhil"]
[Black "Abdulov, Orkhan Javanshir"]
[Result "1/2-1/2"]
[WhiteElo "2330"]
[BlackElo "2401"]
[PlyCount "97"]
[EventDate "2023.08.16"]
[EventType "swiss"]
[EventRounds "9"]
[EventCountry "UAE"]
[SourceTitle "EXT 2024"]
[Source "ChessBase"]
[SourceDate "2023.10.10"]
[SourceVersion "1"]
[SourceVersionDate "2023.10.10"]
[SourceQuality "1"]

1. e4 c5 2. Nf3 g6 3. d4 cxd4 4. Nxd4 Bg7 5. c4 Nc6 6. Be3 Nf6 7. Nc3 Ng4 8. Qxg4 Nxd4 9. Qd1 Nc6 10. Qd2 d6 11. Be2 0-0 12. 0-0 Be6 13. Rac1 Qa5 14. b3 f5 15. exf5 Bxf5 16. Rfd1 Rac8 17. h3 Rfd8 18. Bf3 Kh8 19. g4 Bd7 20. Ne4 Qxd2 21. Rxd2 h6 22. Rcd1 b6 23. Bg2 Be6 24. f4 Bf7 25. Ng3 Rf8 26. Be4 Nb8 27. f5 g5 28. Bd5 Bxd5 29. Rxd5 Nd7 30. Re1 Be5 31. Kg2 Rf7 32. Ne4 Kg7 33. Bd4 Bxd4 34. Rxd4 Ne5 35. f6+ Rxf6 36. Nxf6 Kxf6 37. Rf1+ Ke6 38. Kg3 a6 39. a4 b5 40. cxb5 axb5 41. a5 Rc3+ 42. Kg2 Rxb3 43. Ra1 Nc6 44. a6 Na7 45. Re1+ Kd7 46. Rde4 e5 47. Rc1 Ke6 48. Rce1 Kd7 49. Rf1 1/2-1/2

[Event "Kavala op 32nd"]
[Site "Kavala"]
[Date "2023.07.29"]
[Round "2"]
[White "Dixit, Nikhil"]
[Black "Kilic, Eray"]
[Result "1/2-1/2"]
[WhiteElo "2330"]
[BlackElo "2433"]
[PlyCount "111"]
[EventDate "2023.07.28"]
[EventType "swiss"]
[EventRounds "9"]
[EventCountry "GRE"]
[SourceTitle "CBM 215 Extra"]
[Source "ChessBase"]
[SourceDate "2023.09.30"]
[SourceVersion "1"]
[SourceVersionDate "2023.09.30"]
[SourceQuality "1"]

1. e4 e5 2. Nf3 Nc6 3. Nc3 Nf6 4. d4 exd4 5. Nxd4 Bb4 6. Nxc6 bxc6 7. Bd3 d5 8. exd5 cxd5 9. 0-0 0-0 10. Bg5 c6 11. Qf3 Bd6 12. Rae1 Rb8 13. Nd1 Rb4 14. Ne3 Rxb2 15. Bf5 d4 16. Nc4 Rb4 17. Bd3 Bb8 18. Ne5 Bxe5 19. Rxe5 Be6 20. Qg3 Re8 21. Qh4 h5 22. Rfe1 c5 23. Bxf6 Qxf6 24. Qxf6 gxf6 25. Rxc5 Ra4 26. Rxh5 Rxa2 27. h4 Rc8 28. Re4 Ra4 29. Rf4 a5 30. Rxf6 Ra1+ 31. Kh2 a4 32. Rg5+ Kf8 33. Bf5 Ke7 34. Bxe6 fxe6 35. Rf4 Rxc2 36. Rg7+ Kd6 37. Rxd4+ Ke5 38. Rb4 a3 39. Rg5+ Kf6 40. Rf4+ Ke7 41. Rg7+ Kd6 42. Ra7 a2 43. Rfa4 Rxf2 44. h5 Rf5 45. R4a6+ Ke5 46. Ra5+ Kf6 47. Rxf5+ exf5 48. h6 Rb1 49. Rxa2 Rb7 50. Ra6+ Kg5 51. Kg3 Rh7 52. Kf3 Rxh6 53. Rxh6 Kxh6 54. Kf4 Kg6 55. g4 fxg4 56. Kxg4 1/2-1/2